5000 years of the art of India (Record no. 342898)

000 -LEADER
fixed length control field 00401cam a22001337a 4500
008 - FIXED-LENGTH DATA ELEMENTS--GENERAL INFORMATION
fixed length control field 180718b1971 xxu||||| |||| 00| 0 eng d
082 ## - DEWEY DECIMAL CLASSIFICATION NUMBER
Classification number OA56x54 B966
100 ## - MAIN ENTRY--PERSONAL NAME
Personal name Bussagli, Mario
245 ## - TITLE STATEMENT
Title 5000 years of the art of India
Statement of responsibility, etc. by Mario Bussagli and Calembus Sivaramamurti
260 ## - PUBLICATION, DISTRIBUTION, ETC.
Place of publication, distribution, etc. New York
Name of publisher, distributor, etc. Harry N. Aprams
Date of publication, distribution, etc. 1971
300 ## - PHYSICAL DESCRIPTION
Extent 335p.
650 ## - SUBJECT ADDED ENTRY--TOPICAL TERM
Topical term or geographic name entry element Art, Indian
700 ## - ADDED ENTRY--PERSONAL NAME
Personal name Sivaramamurti, Calembus
Holdings
Withdrawn status Lost status Damaged status Not for loan Permanent Location Current Location Date acquired Full call number Barcode Date last seen Price effective from Koha item type
        Indian Institute of Public Administration Indian Institute of Public Administration 1993-09-27 OA56x54 B966 50125 2018-07-21 2018-07-21 Book

Powered by Koha